Kursus pembangunan harta tanah wakaf : 8 - 10 September 2014

Bibliographic Details
Corporate Authors: Kursus pembangunan harta tanah wakaf, INSPEN ( Institut Penilaian Negara )
Format: Book
Language:Malay
Published: Bangi : Institut Penilaian Negara , 2014
Subjects:

MARC

LEADER 00000cam a2200000 7i4500
001 0000026854
005 20160517.0
008 160509 my a may
040 |a INS 
090 0 0 |a VO291 
110 1 |a Kursus pembangunan harta tanah wakaf ,   |d 2014 8 - 10 September   |c INSPEN, Bangi 
245 0 0 |a Kursus pembangunan harta tanah wakaf :   |b 8 - 10 September 2014   |c Anjuran Pusat Penilaian dan Perkhidmatan Harta, INSPEN 
260 |a Bangi :   |b Institut Penilaian Negara ,   |c 2014 
300 |a 1v. (Various pagings) :   |b ill., pic. ;   |c 30 cm. 
650 0 |a Waqf   |z Malaysia 
710 1 |a INSPEN ( Institut Penilaian Negara ) 
999 |a VO00000792   |b BOOK   |c Course Notes   |e Default branch 
999 |a VO00000793   |b BOOK   |c Course Notes   |e Default branch 
999 |a VO00000794   |b BOOK   |c Course Notes   |e Default branch